000 01034cam a2200289 a 4500
001 TB12298
003 IN-BhIIT
005 20250408160747.0
008 000428s2001 okua b 001 0 eng
020 _a9781560800941 (vol. 1)
020 _a9781560800941 (vol. 2)
040 _aIN-BhIIT
041 _aeng
082 0 0 _a622.1592
_bYIL/S
100 1 _aYilmaz, Özdoğan.
_eAuthor
_925949
245 1 0 _aSeismic data analysis :
_bprocessing, inversion, and interpretation of seismic data /
_cedited by Öz Yilmaz and Stephen M. Doherty.
250 _a2nd ed.
260 _aTulsa, OK :
_bSociety of Exploration Geophysicists,
_cc2001.
300 _axxxv, 2027 p. :
_bill. (some col.) ;
_c29 cm.
490 _aInvestigations in geophysics; 10
500 _aRev. ed. of: Seismic data processing. 1987.
504 _aIncludes bibliographical references and index.
650 0 _aSeismic prospecting
_xData processing.
_925950
700 1 _aDoherty, Stephen M.
_925951
700 1 _aYilmaz, Özdoğan.
_eEditor
_925949
942 _cTB
999 _c14805
_d14805